000 00336nam a2200145Ia 4500
008 191201s2009 xx 000 0 und d
082 _a657
_bJHF
100 _aJHAMB,H.V
245 0 _aFundamental of Management Accounting
250 _a2nd
260 _aN. Delhi
_bAne Books
_c2009
300 _a524
650 _aBBA
942 _2ddc
_cBK
999 _c4951
_d4951